00498nam a2200193 a 4500001001300000003000900013005001700022008004100039020001000080082001300090100001800103245005700121260003800178300000900216500003500225505001000260650001600270700001800286nice12345678IN_TiNIC20260116011333.0050524s1937 lona grp 000 0 eng  ac10000a239bMAT aMatthews, W R aChristian Faithb Essays in Explanation and Defence. aLondonbEyre & Spottiswoodec1937 a340p aincludes index and biblioraphy2 aIndex aApologetics1 aMatthews, W R